| 000 | 01089nas a2200313 4500 | ||
|---|---|---|---|
| 001 | BR8101080 | ||
| 003 | BR-BrBNA | ||
| 005 | 20231205084540.0 | ||
| 007 | ta | ||
| 008 | 230509b bl.|||p| |||| 00| 00por d | ||
| 040 |
_aBR-BrBNA _bpor _cBiblioteca Nacional de Agricultura |
||
| 041 | _a(Pt) | ||
| 072 | _aH20 | ||
| 100 | 1 | _aOliveira, M.L. | |
| 100 | 1 | _aKitajima, E.W. | |
| 100 | 1 | _aRibeiro, M.I.C.S. | |
| 100 | 1 | _aRibeiro, R.L.D. | |
| 245 | 1 | _aOcorrencia do virus do mosaico amarelo do salsao no Distrito Federal e no estado do Rio de Janeiro [Aipo; Apium graveolens; Brasil] | |
| 246 | 1 | _aThe occurrence of the celery yellow mosaic virus in the Federal District and in the state of the Rio de Janeiro [Celery; Apium graveolens; Brazil] | |
| 650 | _aDoenca de planta | ||
| 650 | _aAipo | ||
| 650 | _aMosaico | ||
| 650 | _aVirus | ||
| 650 | _aDistrito Federal | ||
| 650 | _aRio de Janeiro | ||
| 773 | 0 |
_tFitopatologia Brasileira (Brazil) _xISSN 0100-4158 _g(Feb 1981), v. 6(1) p. 105-108 _wBR8101080 |
|
| 909 |
_a202311 _bLúcia _c55 _dLúcia Elande |
||
| 942 |
_2AGRIS _n0 _cANA |
||
| 999 |
_c105854 _d105854 |
||